Quickly write Pascal's triangle - Statistics

General Stats
  • This quiz has been taken 34 times
  • The average score is 55 of 91
Answer Stats
- % Correct
1
100%
1
89%
1
89%
2
89%
1
85%
1
85%
1
85%
1
85%
1
85%
1
85%
1
85%
1
85%
1
85%
1
85%
1
85%
3
85%
3
81%
1
78%
4
78%
5
78%
10
74%
11
74%
12
74%
6
74%
7
74%
8
74%
9
74%
10
70%
15
70%
6
70%
1
67%
10
67%
21
67%
28
67%
4
67%
1
63%
1
63%
1
63%
20
63%
36
63%
5
63%
1
59%
1
59%
1
59%
1
59%
1
59%
1
59%
15
59%
35
59%
45
59%
55
59%
56
59%
6
59%
66
59%
10
56%
11
56%
12
56%
21
56%
7
56%
8
56%
9
56%
28
52%
35
52%
36
52%
70
52%
126
48%
45
48%
55
48%
56
48%
66
48%
84
48%
120
44%
126
44%
210
44%
252
44%
165
41%
220
41%
330
41%
495
41%
120
37%
210
37%
462
37%
84
37%
220
33%
330
33%
462
33%
495
33%
165
30%
792
30%
792
30%
924
30%
No matching quizzes found
Score Distribution
Percent of People with Each Score
Percentile by Number Answered
Your Score History
You have not taken this quiz